Franchise character by actor - Statistics

General Stats
  • This quiz has been taken 25 times
    18 since last reset
  • The average score is 23 of 35
Answer Stats
Hint Answer % Correct
Christian Bale Batman
100%
Robert Downey Jr Iron Man and Sherlock Holmes
100%
Sylvester Stallone Rocky and Rambo
100%
Arnold Schwarzenegger Conan and the Terminator
93%
Harrison Ford Han Solo and Indiana Jones
93%
Hugh Jackman Wolverine
93%
Johnny Depp Captain Jack Sparrow
87%
Clint Eastwood Harry Callahan
87%
Michael J Fox Marty McFly
87%
Daniel Radcliffe Harry Potter
80%
Sean Connery James Bond
80%
Matt Damon Jason Bourne
80%
Ian McKellen Magneto and Gandalf
80%
Keanu Reeves Neo
80%
Mike Myers Austin Powers and Shrek
73%
George Clooney Danny Ocean
73%
Al Pacino Michael Corleone
73%
Eddie Murphy Axel Foley, the Nutty Professor, Dr. Dolittle and Donkey
67%
Martin Freeman Bilbo Baggins
67%
Scarlett Johansson Black Widow
67%
Anthony Hopkins Hannibal Lecter
67%
Orlando Bloom Legolas and Will Turner
67%
Renee Zellweger Bridget Jones
60%
Ewan McGregor Obi Wan Kenobi
60%
Sigourney Weaver Ellen Ripley
53%
Jim Carrey Ace Ventura
47%
Tom Cruise Ethan Hunt
47%
Sarah Jessica Parker Carrie Bradshaw
40%
Ben Stiller Gaylord Focker
40%
Bruce Willis John McClane
40%
Ralph Macchio Daniel Larusso
33%
Mel Gibson Martin Riggs
20%
Shia LaBeouf Samuel Witwicky
13%
Paul Walker Brian O'conner
7%
Jean-Claude van Damme Universal Soldier
7%
No matching quizzes found
Score Distribution
Percent of People with Each Score
Percentile by Number Answered
Your Score History
You have not taken this quiz since the last reset